000 00283nam a22001337a 4500
008 170128b xxu||||| |||| 00| 0 eng d
020 _a0721693377
041 _aeng
080 _a61
100 _a3
101 _aSHM
245 _aTHE LUMBAR SPINE
_cWEINSTEIN, J.N
942 _2udc
_cBK
999 _c3936
_d3936